All Ireland Hurling Champions - Statistics

General Stats
  • This quiz has been taken 73 times
    30 since last reset
  • The average score is 12 of 13
Answer Stats
Hint Answer % Correct
5 Titles Clare
100%
30 Titles Cork
100%
6 Titles Dublin
100%
36 Titles Kilkenny
100%
12 Titles Limerick
100%
28 Titles Tipperary
100%
2 Titles Waterford
100%
5 Titles Galway
96%
4 Titles Offaly
96%
6 Titles Wexford
96%
1 Title London
88%
1 Title Laois
85%
1 Title Kerry
81%
No matching quizzes found
Score Distribution
Percent of People with Each Score
Percentile by Number Answered
Your Score History
You have not taken this quiz since the last reset